El grito esculpido / Lourdes Billini Mejía, (Registro nro. 5080)
[ vista simple ]
| 000 -LEADER | |
|---|---|
| fixed length control field | 00471nam a22001811a 4500 |
| 001 - CONTROL NUMBER | |
| control field | 5080 |
| 003 - CONTROL NUMBER IDENTIFIER | |
| control field | OSt |
| 005 - DATE AND TIME OF LATEST TRANSACTION | |
| control field | 20260204212000.0 |
| 008 - FIXED-LENGTH DATA ELEMENTS--GENERAL INFORMATION | |
| fixed length control field | 051107s1985||||dr ||||||b||||||||||spa|| |
| 050 ## - LIBRARY OF CONGRESS CALL NUMBER | |
| Classification number | RD 861.44 B496e |
| 100 ## - ASIENTO PRINCIPAL -- NOMBRE PERSONAL | |
| Personal name | Billini Mejía, Lourdes |
| 245 ## - TÍTULO PROPIAMENTE DICHO: SUBTÍTULO | |
| Title | El grito esculpido / Lourdes Billini Mejía, |
| 264 ## - PRODUCTION, PUBLICATION, DISTRIBUTION, MANUFACTURE, AND COPYRIGHT NOTICE | |
| Place of production, publication, distribution, manufacture | Santo Domingo : Biblioteca Nacional |
| 300 ## - PHYSICAL DESCRIPTION | |
| Extensión | 156 p |
| 490 ## - MENCIÓN DE SERIE | |
| Series statement | Colección Orfeo |
| 650 ## - ASIENTO SECUNDARIO DE MATERIA -- TERMINO TEMÁTICO | |
| Termino Temático Como Elemento de Entrada | 1.Poesía DominicanaÌ |
| 942 ## - ADDED ENTRY ELEMENTS (KOHA) | |
| Source of classification or shelving scheme | Dewey Decimal Classification |
| Koha item type | Libros |
| Withdrawn status | Lost status | Source of classification or shelving scheme | Damaged status | Not for loan | Current library | Date acquired | Full call number | Barcode | Date last seen | Price effective from | Koha item type | Total Checkouts |
|---|---|---|---|---|---|---|---|---|---|---|---|---|
| Dewey Decimal Classification | Dañado | Biblioteca UTECO | 09/09/2019 | RD 861.44 B496E | 009669 | 09/09/2019 | 09/09/2019 | Libros | ||||
| Dewey Decimal Classification | Biblioteca UTECO | 09/09/2019 | RD 861.44 B496E | 009670 | 09/09/2019 | 09/09/2019 | Libros |
